00651nam a2200241 a 4500001001300000003000900013005001700022008004100039020001000080082001300090100001900103245002400122260002900146300000900175500003500184505001700219650001000236700001900246902000800265942000700273952011400280999001500394nice12345678IN_TiNIC20260116012244.0050524s1951 lona grp 000 0 eng  ac10000a245bSNA aSnaith, Norman aHymns of the Temple aLondonbScm Press c1951 a127p aincludes index and biblioraphy2 aBibliography aHymns1 aSnaith, Norman bSRS cBK 001040708StackRoom-aHMIbHMId2007-07-05g100.00l0o245 SNAp014461r2007-07-05v100.00w2005-05-24yBK c6265d6265